| 000 | 01729cab a22002294i 4500 | ||
|---|---|---|---|
| 001 | 768714001 | ||
| 003 | CO-MdFUSB | ||
| 005 | 20230111124555.0 | ||
| 008 | 180718s2005 gt ||||| |||| 00| 0 spa d | ||
| 022 | _a1014-9341 | ||
| 040 |
_aCO-MdFUSB _bspa _cCO-MdFUSB _dCO-MdFUSB |
||
| 041 | _aspa | ||
| 100 | 1 |
_aBock, Darrell L. _eautor |
|
| 245 | 1 | 3 |
_aUn vistazo a El Código Da Vinci : _btres errores mayores y unos cuantos más _c/ Dr. Darrell L. Bock |
| 300 |
_aNúmero 37 (Julio - Diciembre, 2005), páginas 111-120 _c; 22 cm |
||
| 520 | _aLa evidencia histórica proveniente de los primeros siglos del cristianismo muestra que El Código Da Vinci cae en errores fundamentales al afirmar que: 1) Jesús fue casado con María Magdalena, 2) en el siglo IV Constantino escogió los cuatro Evangelios para se parte de la Biblia porque presentan a un Jesús Divino, y 3) la doctrina de la deidad de Jesús se aprobó por una votación cerrada en Nicea (323 d.C). Otros errores históricos clave en la novela incluyen: 1) Hipólito (siglo II) escribió que María Magdalena fue la apóstol de más alto rango, 2) los evangelios rechazados por la Iglesia presentan a un Jesús más humano que los Evangelios bíblicos, y 3) en su pintura La Última Cena Leonardo Da Vinci sustituyó a uno de los Doce por María Magdalena. La novela desafía a los cristianos a conocer mejor la historia de los primeros siglos del cristianismo | ||
| 650 | 7 |
_9367 _aLiteratura de controversia |
|
| 653 | _aCódigo Da Vinci | ||
| 773 | 0 |
_tKairós _049489 _961223 _gNúmero 37 (Julio - Diciembre, 2005), páginas 111-120 _qPágina 111 |
|
| 773 | 0 |
_tKairós _049489 _981358 _gNúmero 37 (Julio - Diciembre, 2005), páginas 111-120 _qPágina 111 |
|
| 942 | _cANA | ||
| 999 |
_c61454 _d61454 |
||